000 00802cam a2200253 4500
001 M95451
008 090401t1998 xxu||||| |||| 00| 0 eng d
035 _a(Sirsi) u90110
041 _aeng
050 _a651.51
_c18
110 _aRoyal Institution of Chartered Surveyors
_94900
245 _aFiles
_bwho owns them and how long should you keep them?
260 _aLondon
_bRICS
_c1998
300 _a5p.
_c30cm.
520 _aView at www.rics.org/resources/standards/.
650 _aDISPOSAL
650 _aFILES
650 _aRECORDS MANAGEMENT
650 _aPROFESSIONAL CONDUCT
690 _aMANAGEMENT-BUSINESS MANAGEMENT
856 4 8 _uhttps://www.rics.org/site/download_feed.aspx?fileID=698
_zView this online document free of charge at www.rics.org
942 _n0
948 _c02/12/1998
999 _c97534
_d97534